00511nam a2200145Ia 4500008004100000020002200041041000800063082002400071100002600095245003300121260004600154300000800200999001900208952013800227230519s9999 xx 000 0 und d a978-1-61669-039-7 aeng aMS/616.1/HAZ/DB1003 aHazinski Mary9180595 aBLS for Healthcare Providers bAmerican Heart AssociationaAmericac2011 a62p c159587d159587 001040708MSaBTINbBTINd2022-05-10g500.00i56l0oMS 616.1 HAZ DB1003pBTIN-DB-1003r2023-05-19 00:00:00w2022-05-10yDBzDB1003